[Event "Medellin de La Raza U2000 op"]
[Site "Medellin"]
[Date "2023.10.15"]
[Round "6"]
[White "Londono, Miguel Angel"]
[Black "Truco Acevedo, Andres F"]
[Result "1-0"]
[WhiteElo "1551"]
[BlackElo "1879"]
[PlyCount "161"]
[EventDate "2023.10.12"]
[EventType "swiss"]
[EventRounds "9"]
[EventCountry "COL"]
[SourceTitle "CBM 216 Extra"]
[Source "ChessBase"]
[SourceDate "2023.11.30"]
[SourceVersion "1"]
[SourceVersionDate "2023.11.30"]
[SourceQuality "1"]

1. e4 c5 2. d4 cxd4 3. c3 d5 4. exd5 Qxd5 5. cxd4 e6 6. Nf3 Nf6 7. Bd3 Be7 8. Nc3 Qd6 9. Nb5 Qd8 10. Bf4 Nd5 11. Bd2 0-0 12. 0-0 Nd7 13. Rc1 N7f6 14. Bg5 Bd7 15. Nc3 Nxc3 16. bxc3 Qa5 17. Ne5 Rfd8 18. Bxh7+ Kf8 19. Re1 Be8 20. Bb1 Ba3 21. Bxf6 gxf6 22. Nc4 Qa6 23. Nxa3 Qxa3 24. Qf3 Qe7 25. Qf4 Bc6 26. c4 Qd6 27. Qxf6 Qxd4 28. Rxe6 Qxf6 29. Rxf6 Rd2 30. h4 Rad8 31. Kh2 R8d4 32. Kg3 Kg7 33. Rf5 Bd7 34. Rg5+ Kf6 35. Rc3 Rb2 36. Rf3+ Ke7 37. Bh7 Rxa2 38. c5 Raa4 39. Re3+ Kf6 40. Rf3+ Ke7 41. Bf5 Bc6 42. Re3+ Kf6 43. Bg4 Bxg2 44. f3 Bf1 45. Rf5+ Kg7 46. Re7 Bc4 47. Rxb7 Be6 48. Rg5+ Kf6 49. Bxe6 fxe6 50. c6 Rdc4 51. c7 Ra1 52. Rg4 Rc3 53. h5 Rac1 54. Rg6+ Kf5 55. Rb5+ e5 56. Ra6 Rxc7 57. Raa5 Rg7+ 58. Kf2 Rc2+ 59. Ke3 Rc3+ 60. Kd2 Rxf3 61. Rxe5+ Kf6 62. Ke2 Rb3 63. Rf5+ Ke6 64. Rae5+ Kd6 65. Rg5 Rh7 66. Ra5 Re7+ 67. Kf2 Rf7+ 68. Kg2 Rb2+ 69. Kh3 Rb3+ 70. Kh4 Rb4+ 71. Rg4 Rxg4+ 72. Kxg4 Kc6 73. Kg5 Kb6 74. Kg6 Rf1 75. Rg5 a5 76. h6 Rh1 77. Kg7 a4 78. h7 a3 79. h8Q Rxh8 80. Kxh8 a2 81. Rg1 1-0

[Event "Medellin Conconcreto op"]
[Site "Medellin"]
[Date "2018.01.24"]
[Round "1"]
[White "Truco Acevedo, Andres F"]
[Black "Vargas Arteaga, Alexis"]
[Result "0-1"]
[WhiteElo "1957"]
[BlackElo "2231"]
[PlyCount "120"]
[EventDate "2018.01.24"]
[EventType "swiss"]
[EventRounds "7"]
[EventCountry "COL"]
[SourceTitle "CBM 182 Extra"]
[Source "ChessBase"]
[SourceDate "2018.02.23"]
[SourceVersion "1"]
[SourceVersionDate "2018.02.23"]
[SourceQuality "1"]

1. d4 Nf6 2. c4 e6 3. Nf3 b6 4. g3 Ba6 5. b3 b5 6. Qc2 bxc4 7. bxc4 c5 8. d5 exd5 9. cxd5 Be7 10. e4 0-0 11. Nbd2 Re8 12. Bxa6 Nxa6 13. 0-0 d6 14. a3 Qd7 15. Kg2 Rac8 16. Qc4 Nc7 17. Rb1 Na8 18. Re1 Nb6 19. Qa6 c4 20. Nd4 c3 21. N2f3 Bf8 22. Qd3 Na4 23. Bg5 Nxe4 24. Rxe4 Nc5 25. Rxe8 Nxd3 26. Rxc8 Qxc8 27. Nc6 h6 28. Rb8 Qxb8 29. Nxb8 hxg5 30. Nd4 Ne1+ 31. Kf1 c2 32. Nb3 Nd3 33. Nc6 a6 34. Nb4 c1Q+ 35. Nxc1 Nxc1 36. Nxa6 Be7 37. Nc7 Kf8 38. Nb5 Ke8 39. Ke1 g4 40. Kd2 Nb3+ 41. Ke3 Bg5+ 42. Ke4 Kd7 43. Kf5 Bf6 44. Kxg4 Bb2 45. a4 Nd4 46. Na7 Bc3 47. Kf4 Ba5 48. f3 Bb6 49. Nb5 Nxb5 50. axb5 Bg1 51. h4 Bh2 52. Kg4 Kc7 53. f4 Kb6 54. Kf3 Kxb5 55. g4 Kc5 56. Ke4 Bg1 57. h5 Bd4 58. g5 Ba1 59. f5 g6 60. f6 gxh5 0-1

[Event "Medellin Luces Cup"]
[Site "Medellin"]
[Date "2017.12.19"]
[Round "3"]
[White "Arango, Andres Mauricio"]
[Black "Truco Acevedo, Andres F"]
[Result "1-0"]
[WhiteElo "2075"]
[BlackElo "1949"]
[PlyCount "55"]
[EventDate "2017.12.18"]
[EventType "swiss"]
[EventRounds "7"]
[EventCountry "COL"]
[SourceTitle "CBM 182 Extra"]
[Source "ChessBase"]
[SourceDate "2018.02.23"]
[SourceVersion "1"]
[SourceVersionDate "2018.02.23"]
[SourceQuality "1"]

1. e4 c5 2. Nf3 d6 3. d4 cxd4 4. Nxd4 Nf6 5. Nc3 a6 6. Be2 e5 7. Nb3 Be7 8. Bg5 Be6 9. Bxf6 gxf6 10. Nd5 Rg8 11. g4 Nc6 12. c3 Bf8 13. Qd2 h5 14. h3 Rh8 15. 0-0-0 Bh6 16. Ne3 Ke7 17. Kb1 a5 18. Na1 a4 19. a3 Bxe3 20. Qxe3 hxg4 21. hxg4 Rxh1 22. Rxh1 Qg8 23. Qb6 Qb8 24. Nc2 Qa7 25. Qc7+ Bd7 26. Ne3 Qc5 27. Nf5+ Ke6 28. Bc4+ 1-0

[Event "Medellin Construct op"]
[Site "Medellin"]
[Date "2017.01.29"]
[Round "6"]
[White "Truco Acevedo, Andres F"]
[Black "Zapata Cuartas, Juan Carlos"]
[Result "0-1"]
[WhiteElo "1957"]
[BlackElo "2077"]
[PlyCount "40"]
[EventDate "2017.01.25"]
[EventType "swiss"]
[EventRounds "7"]
[EventCountry "COL"]
[SourceTitle "CBM 176 Extra"]
[Source "ChessBase"]
[SourceDate "2017.03.02"]
[SourceVersion "1"]
[SourceVersionDate "2017.03.02"]
[SourceQuality "1"]

1. d4 Nf6 2. Nf3 e6 3. Bf4 d5 4. e3 c5 5. c3 Nc6 6. Nbd2 Bd6 7. Bg3 0-0 8. Be2 a6 9. a4 b6 10. 0-0 Bxg3 11. hxg3 Qd6 12. Qb3 Rb8 13. Qa3 e5 14. dxe5 Nxe5 15. Nxe5 Qxe5 16. a5 bxa5 17. Qxc5 Rxb2 18. Nc4 Qxc3 19. Rac1 Rc2 20. Rxc2 Qxc2 0-1